[Event "2. Bundesliga Ost 2012/2013"]
[Site "6.+7.10., 17.+18.11., 1.12., 2.+3.2., 9.+10.3., 6.
[Date "2013.04.06"]
[Round "10"]
[Board "2"]
[White "Vitouch, Anatol"]
[Black "Fodor, Tamas"]
[Result "0-1"]
[WhiteElo "2338"]
[BlackElo "2503"]
[PlyCount "114"]
[EventDate "2012.10.06"]
[EventType "team"]
[EventRounds "11"]
[EventCountry "AUT"]
[WhiteTeam "ASVOE Pamhagen"]
[BlackTeam "ASVOE Mattersburg"]

1. g3 d5 2. Nf3 c6 3. Bg2 Bg4 4. c4 e6 5. O-O Nd7 6. cxd5 exd5 7. d3 Ngf6 8.
Nc3 Bc5 9. Qb3 Nb6 10. h3 Be6 11. Ng5 Bd7 12. e4 h6 13. Nf3 O-O 14. e5 Nh7 15.
d4 Be7 16. a4 Rb8 17. Re1 Na8 18. Nd1 Nc7 19. Ne3 Re8 20. Bd2 g6 21. Bb4 Ne6
22. Bxe7 Qxe7 23. Rad1 Ng7 24. Qc3 Nf5 25. Nxf5 Bxf5 26. Nh4 Be6 27. Kh2 g5 28.
Nf3 Nf8 29. Nd2 Ng6 30. Qf3 Kg7 31. Qe3 Bf5 32. Nf1 f6 33. f4 fxe5 34. fxe5 Rf8
35. Rd2 Rf7 36. Rf2 Rbf8 37. Nd2 Be6 38. Ref1 Rxf2 39. Rxf2 b6 40. Bf1 c5 41.
Rxf8 Qxf8 42. Bd3 cxd4 43. Qxd4 Qc5 44. Qxc5 bxc5 45. Bxg6 Kxg6 46. g4 d4 47.
Kg3 Bd5 48. h4 Kf7 49. hxg5 hxg5 50. Nf3 Bxf3 51. Kxf3 c4 52. Ke4 d3 53. Ke3
Ke6 54. b4 Kxe5 55. b5 Kd5 56. a5 Kc5 57. b6 Kc6 0-1

[Event "2. Bundesliga Ost 2012/2013"]
[Site "6.+7.10., 17.+18.11., 1.12., 2.+3.2., 9.+10.3., 6.
[Date "2013.04.06"]
[Round "10"]
[Board "3"]
[White "Petran, Peter"]
[Black "Hangweyrer, Manfred"]
[Result "1/2-1/2"]
[WhiteElo "2277"]
[BlackElo "2367"]
[PlyCount "42"]
[EventDate "2012.10.06"]
[EventType "team"]
[EventRounds "11"]
[EventCountry "AUT"]
[WhiteTeam "ASVOE Mattersburg"]
[BlackTeam "ASVOE Pamhagen"]

1. g3 d5 2. Nf3 g6 3. c4 c6 4. Qa4 Nf6 5. cxd5 Nxd5 6. Qd4 Nf6 7. Qxd8+ Kxd8 8.
Nc3 Bg7 9. d4 Bg4 10. Bg2 Nbd7 11. e4 Bxf3 12. Bxf3 e5 13. dxe5 Nxe5 14. Be2
Re8 15. f4 Ned7 16. e5 Ng8 17. Kf2 f6 18. exf6 Ngxf6 19. Be3 Kc7 20. Bf3 Bf8
21. Rae1 Bc5 1/2-1/2

[Event "2. Bundesliga Ost 2012/2013"]
[Site "6.+7.10., 17.+18.11., 1.12., 2.+3.2., 9.+10.3., 6.
[Date "2013.04.06"]
[Round "10"]
[Board "4"]
[White "Bezuch, Martin"]
[Black "Brod, Manfred"]
[Result "1/2-1/2"]
[WhiteElo "2291"]
[BlackElo "2234"]
[PlyCount "84"]
[EventDate "2012.10.06"]
[EventType "team"]
[EventRounds "11"]
[EventCountry "AUT"]
[WhiteTeam "ASVOE Pamhagen"]
[BlackTeam "ASVOE Mattersburg"]

1. Nf3 c5 2. g3 Nc6 3. Bg2 e5 4. d3 g6 5. O-O Bg7 6. e4 Nge7 7. c3 b6 8. a3 a5
9. a4 O-O 10. Na3 Rb8 11. Nd2 d5 12. exd5 Nxd5 13. Re1 Be6 14. Ndc4 Qd7 15. Bg5
h6 16. Be3 f5 17. f4 exf4 18. gxf4 Rfe8 19. Qf3 Nde7 20. Rad1 Bd5 21. Qf2 Bxg2
22. Kxg2 Nd5 23. Bc1 Rxe1 24. Rxe1 Re8 25. Rxe8+ Qxe8 26. Qf3 Qe6 27. Nb5 Kh7
28. Kf1 h5 29. Qe2 Nd8 30. Nbd6 Bh6 31. Qf3 Bf8 32. Nb5 Nc6 33. Qe2 Nd8 34. Qf3
Be7 35. Bd2 Bf8 36. Bc1 Nc6 37. Qe2 Nd8 38. Kf2 Bh6 39. Qf3 Nc6 40. Bd2 Nd8 41.
Nbd6 Bf8 42. Nb5 Bh6 1/2-1/2

[Event "2. Bundesliga Ost 2012/2013"]
[Site "6.+7.10., 17.+18.11., 1.12., 2.+3.2., 9.+10.3., 6.
[Date "2013.04.06"]
[Round "10"]
[Board "5"]
[White "Wiedner, Robert"]
[Black "Orlovic, Veljko"]
[Result "1-0"]
[WhiteElo "2133"]
[BlackElo "2114"]
[PlyCount "89"]
[EventDate "2012.10.06"]
[EventType "team"]
[EventRounds "11"]
[EventCountry "AUT"]
[WhiteTeam "ASVOE Mattersburg"]
[BlackTeam "ASVOE Pamhagen"]

1. Nf3 d5 2. b3 Nf6 3. e3 e6 4. Bb2 Be7 5. Be2 O-O 6. O-O c5 7. Ne5 b6 8. f4
Bb7 9. d3 Nfd7 10. Nd2 f6 11. Nxd7 Nxd7 12. Qe1 f5 13. Nf3 Bf6 14. Bxf6 Qxf6
15. d4 a6 16. c3 Rac8 17. Qd2 Rc7 18. Rfc1 Rfc8 19. Qb2 h6 20. b4 cxd4 21. cxd4
Qe7 22. a3 Nf6 23. Ne5 Nd7 24. Rxc7 Rxc7 25. Rc1 Nxe5 26. dxe5 Qd7 27. Rxc7
Qxc7 28. Bd3 Kf7 29. Qc2 Qxc2 30. Bxc2 Bc6 31. Kf2 Bb5 32. Ke1 Ke7 33. Kd2 Bc4
34. Bd1 g6 35. g4 Kd7 36. h4 fxg4 37. Bxg4 Ba2 38. Kc2 Bc4 39. Kc3 Ba2 40. Be2
b5 41. Bd3 Bc4 42. Bxg6 Kc6 43. Kd4 Kd7 44. Kc5 Ke7 45. Kb6 1-0

[Event "2. Bundesliga Ost 2012/2013"]
[Site "6.+7.10., 17.+18.11., 1.12., 2.+3.2., 9.+10.3., 6.
[Date "2013.04.06"]
[Round "10"]
[Board "6"]
[White "Horvath, Maria"]
[Black "Salamon, Werner"]
[Result "0-1"]
[WhiteElo "2009"]
[BlackElo "2133"]
[PlyCount "76"]
[EventDate "2012.10.06"]
[EventType "team"]
[EventRounds "11"]
[EventCountry "AUT"]
[WhiteTeam "ASVOE Pamhagen"]
[BlackTeam "ASVOE Mattersburg"]

1. d4 Nf6 2. c4 e6 3. Nc3 d5 4. cxd5 exd5 5. Bg5 c6 6. Qc2 Be7 7. e3 Bg4 8. h3
Bh5 9. f4 Ne4 10. Bxe7 Qxe7 11. Nxe4 Bg6 12. f5 Bxf5 13. Nd6+ Qxd6 14. Qxf5
Qb4+ 15. Kf2 Qxb2+ 16. Be2 O-O 17. Nf3 g6 18. Qf4 Nd7 19. Rab1 Qxa2 20. Rxb7
Rad8 21. Rc1 c5 22. dxc5 Qa3 23. Rd1 Nxc5 24. Qh6 Rfe8 25. Rc7 Ne4+ 26. Kf1
Ng3+ 27. Kf2 Nf5 28. Qg5 h6 29. Qf4 Rxe3 30. g4 Rde8 31. gxf5 Rxe2+ 32. Kg1 g5
33. Qg3 Qe3+ 34. Kh1 Rf2 35. Rd3 Rf1+ 36. Ng1 Rxg1+ 37. Qxg1 Qxd3 38. Rxa7
Qxh3+ 0-1

[Event "2. Bundesliga Ost 2012/2013"]
[Site "6.+7.10., 17.+18.11., 1.12., 2.+3.2., 9.+10.3., 6.
[Date "2013.04.06"]
[Round "10"]
[Board "1"]
[White "Hagara, Eduard"]
[Black "Baumegger, Siegfried"]
[Result "1/2-1/2"]
[WhiteElo "2410"]
[BlackElo "2462"]
[PlyCount "61"]
[EventDate "2012.10.06"]
[EventType "team"]
[EventRounds "11"]
[EventCountry "AUT"]
[WhiteTeam "ASVOE Lackenbach"]
[BlackTeam "tschaturanga"]

1. d4 Nf6 2. Nf3 c5 3. d5 g6 4. Nc3 d6 5. e4 Bg7 6. Bb5+ Bd7 7. a4 O-O 8. h3
Na6 9. Bg5 Nc7 10. Nd2 e6 11. Qf3 Bxb5 12. axb5 h6 13. Be3 exd5 14. exd5 Qd7
15. Nc4 Nxb5 16. Nxb5 Qxb5 17. Nxd6 Qxb2 18. O-O Qe5 19. Bxc5 Qxd5 20. Qxd5
Nxd5 21. Rxa7 b6 22. Rxa8 Rxa8 23. Be3 Nxe3 24. fxe3 Rd8 25. Nb5 Bf8 26. Nd4
Bc5 27. Rb1 Rd5 28. c3 h5 29. Kf2 Kg7 30. Ra1 Rd7 31. Kf3 1/2-1/2

[Event "2. Bundesliga Ost 2012/2013"]
[Site "6.+7.10., 17.+18.11., 1.12., 2.+3.2., 9.+10.3., 6.
[Date "2013.04.06"]
[Round "10"]
[Board "2"]
[White "Srienz, Christian"]
[Black "Vass, Frantisek"]
[Result "1/2-1/2"]
[WhiteElo "2323"]
[BlackElo "2292"]
[PlyCount "42"]
[EventDate "2012.10.06"]
[EventType "team"]
[EventRounds "11"]
[EventCountry "AUT"]
[WhiteTeam "tschaturanga"]
[BlackTeam "ASVOE Lackenbach"]

1. c4 c5 2. Nf3 Nc6 3. Nc3 g6 4. e3 Bg7 5. d4 d6 6. Be2 Nh6 7. d5 Ne5 8. e4
Nxf3+ 9. Bxf3 O-O 10. g4 f5 11. gxf5 gxf5 12. Rg1 Nf7 13. Qe2 Kh8 14. Rxg7 Kxg7
15. exf5 Bxf5 16. Bf4 Qd7 17. O-O-O Rg8 18. Bh5 Bg6 19. Bg4 Bf5 20. Bh5 Bg6 21.
Bg4 Bf5 1/2-1/2

[Event "2. Bundesliga Ost 2012/2013"]
[Site "6.+7.10., 17.+18.11., 1.12., 2.+3.2., 9.+10.3., 6.
[Date "2013.04.06"]
[Round "10"]
[Board "3"]
[White "Krpelan, Wolfgang"]
[Black "Sadilek, Peter"]
[Result "1-0"]
[WhiteElo "2246"]
[BlackElo "2248"]
[PlyCount "71"]
[EventDate "2012.10.06"]
[EventType "team"]
[EventRounds "11"]
[EventCountry "AUT"]
[WhiteTeam "ASVOE Lackenbach"]
[BlackTeam "tschaturanga"]

1. e4 e6 2. d4 d5 3. Nc3 Nf6 4. Bg5 Bb4 5. e5 h6 6. Bh4 g5 7. Bg3 Ne4 8. Nge2
c5 9. a3 Bxc3+ 10. Nxc3 cxd4 11. Nxe4 dxe4 12. h4 Rg8 13. hxg5 hxg5 14. Rh7 Nc6
15. Qh5 Rf8 16. O-O-O Qd5 17. Kb1 Nxe5 18. Qxg5 Nc6 19. Qg7 e5 20. Rh8 Rxh8 21.
Qxh8+ Kd7 22. c3 Kc7 23. cxd4 Be6 24. Bxe5+ Kb6 25. Qxa8 Nxe5 26. Qf8 Qa2+ 27.
Kc1 Nd3+ 28. Bxd3 exd3 29. Qb4+ Ka6 30. Rxd3 Qa1+ 31. Kd2 Qf1 32. d5 Qxf2+ 33.
Kc3 Qe1+ 34. Kb3 Qxb4+ 35. Kxb4 Bf5 36. Rc3 1-0

[Event "2. Bundesliga Ost 2012/2013"]
[Site "6.+7.10., 17.+18.11., 1.12., 2.+3.2., 9.+10.3., 6.
[Date "2013.04.06"]
[Round "10"]
[Board "5"]
[White "Galavics, Hermann"]
[Black "Leitner, Gerald"]
[Result "1/2-1/2"]
[WhiteElo "2062"]
[BlackElo "2206"]
[PlyCount "81"]
[EventDate "2012.10.06"]
[EventType "team"]
[EventRounds "11"]
[EventCountry "AUT"]
[WhiteTeam "ASVOE Lackenbach"]
[BlackTeam "tschaturanga"]

1. d4 Nf6 2. c4 e6 3. Nf3 b6 4. g3 Bb7 5. Bg2 Be7 6. Nc3 O-O 7. O-O c5 8. d5
exd5 9. Nh4 Re8 10. Nf5 Na6 11. Nxd5 Nxd5 12. cxd5 d6 13. e4 Bc8 14. Nxe7+ Qxe7
15. Re1 Rb8 16. Bf4 f6 17. Bf1 b5 18. a4 b4 19. b3 Nc7 20. g4 Rd8 21. Rc1 Na8
22. Rxc5 Bxg4 23. Qxg4 dxc5 24. Bxb8 Rxb8 25. Qf4 Rd8 26. e5 Nb6 27. d6 Rxd6
28. exf6 Qxf6 29. Qxf6 Rxf6 30. a5 Nd7 31. Re7 Rg6+ 32. Kh1 Nf6 33. Bc4+ Kf8
34. Rf7+ Ke8 35. Rxa7 Kd8 36. f3 Nd7 37. Ra8+ Kc7 38. Ra7+ Kc8 39. Ra8+ Kc7 40.
Ra7+ Kc8 41. Ra8+ 1/2-1/2

[Event "2. Bundesliga Ost 2012/2013"]
[Site "6.+7.10., 17.+18.11., 1.12., 2.+3.2., 9.+10.3., 6.
[Date "2013.04.06"]
[Round "10"]
[Board "6"]
[White "Sadilek, Maximilian"]
[Black "Reitgruber, Dietmar"]
[Result "1-0"]
[WhiteElo "2165"]
[BlackElo "1945"]
[PlyCount "29"]
[EventDate "2012.10.06"]
[EventType "team"]
[EventRounds "11"]
[EventCountry "AUT"]
[WhiteTeam "tschaturanga"]
[BlackTeam "ASVOE Lackenbach"]

1. e4 g6 2. Bc4 Bg7 3. Qf3 e6 4. Ne2 c5 5. Nbc3 Nc6 6. d3 Nge7 7. Bg5 Qb6 8.
Bf6 O-O 9. O-O-O Ne5 10. Qf4 N7c6 11. h4 h5 12. f3 d5 13. exd5 Nxc4 14. dxc4
Qa6 15. dxc6 1-0

[Event "2. Bundesliga Ost 2012/2013"]
[Site "6.+7.10., 17.+18.11., 1.12., 2.+3.2., 9.+10.3., 6.
[Date "2013.04.06"]
[Round "10"]
[Board "2"]
[White "Kostic, Vladimir"]
[Black "Schneider-Zinner, Harald"]
[Result "1/2-1/2"]
[WhiteElo "2417"]
[BlackElo "2369"]
[PlyCount "95"]
[EventDate "2012.10.06"]
[EventType "team"]
[EventRounds "11"]
[EventCountry "AUT"]
[WhiteTeam "ASVOe VHS Poechlarn"]
[BlackTeam "SK Wien-Ottakring"]

1. Nf3 d5 2. d4 Nf6 3. Bg5 Ne4 4. Bf4 e6 5. c3 Bd6 6. Bxd6 Qxd6 7. Nbd2 O-O 8.
e3 Nxd2 9. Qxd2 Nd7 10. Rd1 b6 11. Be2 Bb7 12. O-O Rad8 13. Qc2 c5 14. Ng5 g6
15. f4 h6 16. Nf3 cxd4 17. Nxd4 Nc5 18. Nf3 Nd7 19. Nd4 Nc5 20. b4 Ne4 21. Bd3
Rc8 22. Bxe4 dxe4 23. Nf5 Qxb4 24. Qf2 Rxc3 25. Nxh6+ Kg7 26. f5 Qc5 27. fxe6
Kxh6 28. Qh4+ Qh5 29. Qe7 Qc5 30. Rd6 Qxe3+ 31. Kh1 Rcc8 32. Qh4+ Kg7 33. e7
Rg8 34. Qf6+ Kh6 35. Qxf7 Ba6 36. Rxg6+ Rxg6 37. Qf8+ Rg7 38. Qxc8 Bxc8 39.
e8=Q Bf5 40. Qh8+ Kg6 41. Qe8+ Kh6 42. Qh8+ Bh7 43. Rf6+ Rg6 44. Qf8+ Kh5 45.
Qf7 Kh6 46. Qf8+ Kh5 47. Qf7 Kh6 48. Qf8+ 1/2-1/2

[Event "2. Bundesliga Ost 2012/2013"]
[Site "6.+7.10., 17.+18.11., 1.12., 2.+3.2., 9.+10.3., 6.
[Date "2013.04.06"]
[Round "10"]
[Board "3"]
[White "Steiner, Adam"]
[Black "Weinzettl, Ernst"]
[Result "0-1"]
[WhiteElo "2276"]
[BlackElo "2257"]
[PlyCount "50"]
[EventDate "2012.10.06"]
[EventType "team"]
[EventRounds "11"]
[EventCountry "AUT"]
[WhiteTeam "SK Wien-Ottakring"]
[BlackTeam "ASVOe VHS Poechlarn"]

1. e4 e6 2. b3 d5 3. Bb2 dxe4 4. Nc3 Nf6 5. Qe2 Nbd7 6. Nxe4 Be7 7. Nf3 Nxe4 8.
Qxe4 Nf6 9. Qh4 Nd5 10. Qg3 Bf6 11. Bxf6 Qxf6 12. d4 O-O 13. Bd3 c5 14. Qe5
cxd4 15. Qxf6 gxf6 16. Nxd4 Rd8 17. O-O-O Nc3 18. Nc6 Nxd1 19. Nxd8 Nxf2 20.
Rf1 Nxd3+ 21. cxd3 f5 22. g4 Kf8 23. gxf5 exf5 24. Re1 Rb8 25. Kd2 Bd7 0-1

[Event "2. Bundesliga Ost 2012/2013"]
[Site "6.+7.10., 17.+18.11., 1.12., 2.+3.2., 9.+10.3., 6.
[Date "2013.04.06"]
[Round "10"]
[Board "4"]
[White "Loidl, Florian"]
[Black "Beck, Hartmuth"]
[Result "1-0"]
[WhiteElo "2203"]
[BlackElo "2295"]
[PlyCount "91"]
[EventDate "2012.10.06"]
[EventType "team"]
[EventRounds "11"]
[EventCountry "AUT"]
[WhiteTeam "ASVOe VHS Poechlarn"]
[BlackTeam "SK Wien-Ottakring"]

1. c4 g6 2. g3 Bg7 3. Bg2 f5 4. d3 Nf6 5. e4 fxe4 6. dxe4 d6 7. Ne2 c5 8. O-O
Nc6 9. Nbc3 O-O 10. b3 e5 11. Bg5 Nd4 12. Nxd4 cxd4 13. Nd5 Be6 14. Qd2 Qd7 15.
Rac1 b6 16. a4 Rac8 17. a5 b5 18. cxb5 Bxd5 19. exd5 Qxb5 20. Rxc8 Rxc8 21. Rc1
Rxc1+ 22. Qxc1 Qc5 23. b4 Qxc1+ 24. Bxc1 Ne8 25. b5 Bf6 26. Kf1 Bd8 27. Bd2 Nc7
28. b6 axb6 29. axb6 Na6 30. b7 Bc7 31. Bh3 Kf7 32. f3 Bb8 33. Be6+ Kf6 34. h4
Ke7 35. Bh6 Nc5 36. Bg8 Nxb7 37. Bxh7 Kf7 38. g4 Bc7 39. h5 g5 40. Bxg5 Bd8 41.
Bg6+ Kg7 42. Bxd8 Nxd8 43. g5 Nb7 44. Bf5 Na5 45. h6+ Kf7 46. g6+ 1-0

[Event "2. Bundesliga Ost 2012/2013"]
[Site "6.+7.10., 17.+18.11., 1.12., 2.+3.2., 9.+10.3., 6.
[Date "2013.04.06"]
[Round "10"]
[Board "5"]
[White "Ernst, Michael"]
[Black "Mittermayr, Gerhard"]
[Result "1-0"]
[WhiteElo "2214"]
[BlackElo "2117"]
[PlyCount "48"]
[EventDate "2012.10.06"]
[EventType "team"]
[EventRounds "11"]
[EventCountry "AUT"]
[WhiteTeam "SK Wien-Ottakring"]
[BlackTeam "ASVOe VHS Poechlarn"]

1. d4 f5 2. Nc3 Nf6 3. Bg5 d5 4. Bxf6 exf6 5. e3 Bb4 6. Bd3 c6 7. Qf3 g6 8.
Nge2 Bxc3+ 9. Nxc3 Nd7 10. h4 h5 11. O-O-O Nf8 12. Qg3 Be6 13. f3 Qb8 14. Qf2
Nd7 15. Kb1 b5 16. g4 fxg4 17. Bxg6+ Ke7 18. fxg4 Bxg4 19. Rde1 b4 20. Nd1 Qb6
21. e4 Bxd1 22. exd5+ Ne5 23. Qf4 Bg4 24. dxe5 fxe5 1-0

[Event "2. Bundesliga Ost 2012/2013"]
[Site "6.+7.10., 17.+18.11., 1.12., 2.+3.2., 9.+10.3., 6.
[Date "2013.04.06"]
[Round "10"]
[Board "6"]
[White "Kammerer, Roman"]
[Black "Plank, Franz"]
[Result "1/2-1/2"]
[WhiteElo "2079"]
[BlackElo "2198"]
[PlyCount "117"]
[EventDate "2012.10.06"]
[EventType "team"]
[EventRounds "11"]
[EventCountry "AUT"]
[WhiteTeam "ASVOe VHS Poechlarn"]
[BlackTeam "SK Wien-Ottakring"]

1. Nf3 d5 2. d4 e6 3. g3 b5 4. Bg2 Nf6 5. O-O Bb7 6. a4 b4 7. Ne5 Nbd7 8. Bg5
Be7 9. Nxd7 Qxd7 10. c4 bxc3 11. Nxc3 O-O 12. a5 Ba6 13. Re1 Rab8 14. Na4 Bc4
15. Nc5 Bxc5 16. dxc5 Qb5 17. e4 Nxe4 18. Bxe4 dxe4 19. Rxe4 f6 20. Be3 e5 21.
b4 Rfd8 22. Qc1 Bd3 23. Rh4 Qc6 24. Qd1 a6 25. Qb3+ Qd5 26. Qxd5+ Rxd5 27. b5
Rxb5 28. Rha4 c6 29. Rc1 Kf7 30. g4 g5 31. Kg2 Kg6 32. h3 h6 33. Kg3 Rb3 34.
Rca1 Kf7 35. R4a3 Rxa3 36. Rxa3 Bb5 37. Ra1 Rd3 38. Kf3 Ke6 39. Ke4 Rd7 40. Kf3
Bd3 41. Ra3 e4+ 42. Kg3 Bb5 43. Ra1 Rd3 44. h4 Rb3 45. hxg5 hxg5 46. Kg2 Be2
47. Kg3 Ke5 48. Ra2 Bd3 49. Ra4 Bb5 50. Ra1 Kd5 51. Rh1 Ra3 52. Rh6 Ke5 53. Rh8
Bc4 54. Re8+ Be6 55. Rd8 Rd3 56. Ra8 Bc4 57. Re8+ Be6 58. Ra8 Bc4 59. Re8+
1/2-1/2

[Event "2. Bundesliga Ost 2012/2013"]
[Site "6.+7.10., 17.+18.11., 1.12., 2.+3.2., 9.+10.3., 6.
[Date "2013.04.06"]
[Round "10"]
[Board "2"]
[White "Pisk, Petr"]
[Black "Ganaus, Hannes"]
[Result "1-0"]
[WhiteElo "2389"]
[BlackElo "2331"]
[PlyCount "47"]
[EventDate "2012.10.06"]
[EventType "team"]
[EventRounds "11"]
[EventCountry "AUT"]
[WhiteTeam "Zwettl 2"]
[BlackTeam "Spg Data Technology Eichgraben/P."]

1. c4 e5 2. g3 Nc6 3. Bg2 f5 4. e3 Nf6 5. Nc3 e4 6. d3 Bb4 7. Nge2 d5 8. cxd5
Qxd5 9. Nf4 Bxc3+ 10. bxc3 Qf7 11. Ba3 g5 12. Ne2 Bd7 13. dxe4 fxe4 14. Qb3
Qxb3 15. axb3 Ne5 16. h4 g4 17. Nf4 Kf7 18. O-O Nf3+ 19. Bxf3 gxf3 20. c4 Rhd8
21. Bb2 Bc6 22. Ra5 b5 23. Bxf6 Kxf6 24. Ra6 1-0

[Event "2. Bundesliga Ost 2012/2013"]
[Site "6.+7.10., 17.+18.11., 1.12., 2.+3.2., 9.+10.3., 6.
[Date "2013.04.06"]
[Round "10"]
[Board "3"]
[White "Neumeier, Klaus"]
[Black "Wagner, Stefan"]
[Result "1-0"]
[WhiteElo "2255"]
[BlackElo "2178"]
[PlyCount "45"]
[EventDate "2012.10.06"]
[EventType "team"]
[EventRounds "11"]
[EventCountry "AUT"]
[WhiteTeam "Spg Data Technology Eichgraben/P."]
[BlackTeam "Zwettl 2"]

1. d4 Nf6 2. Nf3 d5 3. c4 c6 4. e3 e6 5. b3 Nbd7 6. Bb2 Bd6 7. Bd3 O-O 8. O-O
Qe7 9. Ne5 a5 10. f4 Ne4 11. Bxe4 dxe4 12. Nc3 f5 13. Na4 Nf6 14. Bc3 Bd7 15.
Qe1 Bc7 16. b4 b5 17. Nc5 a4 18. Ncxd7 Nxd7 19. Nxc6 Qe8 20. cxb5 Nb8 21. d5
exd5 22. Qd2 Qe6 23. Qxd5 1-0

[Event "2. Bundesliga Ost 2012/2013"]
[Site "6.+7.10., 17.+18.11., 1.12., 2.+3.2., 9.+10.3., 6.
[Date "2013.04.06"]
[Round "10"]
[Board "4"]
[White "Fiala, Vaclav"]
[Black "Weissenbeck, Manuel"]
[Result "0-1"]
[WhiteElo "2188"]
[BlackElo "2238"]
[PlyCount "96"]
[EventDate "2012.10.06"]
[EventType "team"]
[EventRounds "11"]
[EventCountry "AUT"]
[WhiteTeam "Zwettl 2"]
[BlackTeam "Spg Data Technology Eichgraben/P."]

1. e4 c5 2. c3 e6 3. d4 d5 4. exd5 exd5 5. Nf3 Nc6 6. Bb5 Bd6 7. O-O Nge7 8.
Nbd2 O-O 9. dxc5 Bxc5 10. Nb3 Bb6 11. Bg5 Bg4 12. Be2 Re8 13. Nfd4 Bxe2 14.
Nxe2 Qd6 15. c4 f6 16. Bf4 Ne5 17. Nc3 Rad8 18. Bxe5 fxe5 19. Qg4 Qc6 20. cxd5
Nxd5 21. Nxd5 Rxd5 22. Rac1 Qe6 23. Qc4 Red8 24. h3 Qf7 25. Kh2 Qf4+ 26. Qxf4
exf4 27. Rc4 g5 28. a4 Re8 29. a5 Bd8 30. Rfc1 Re2 31. Rd4 Rxd4 32. Nxd4 Rd2
33. Nf3 Rd5 34. Rc8 Kg7 35. Rb8 Kg6 36. Rxb7 Rxa5 37. b4 Ra2 38. Ne5+ Kf5 39.
Rb5 Ke6 40. Nf3 h6 41. Nd4+ Kf6 42. Rf5+ Kg6 43. Rd5 Bb6 44. Rd6+ Kf7 45. Nf5
h5 46. Nh6+ Kf8 47. f3 Ra1 48. g4 fxg3+ 0-1

[Event "2. Bundesliga Ost 2012/2013"]
[Site "6.+7.10., 17.+18.11., 1.12., 2.+3.2., 9.+10.3., 6.
[Date "2013.04.06"]
[Round "10"]
[Board "5"]
[White "Hechl, Gerald"]
[Black "Stadler, Peter"]
[Result "1-0"]
[WhiteElo "2220"]
[BlackElo "2129"]
[PlyCount "85"]
[EventDate "2012.10.06"]
[EventType "team"]
[EventRounds "11"]
[EventCountry "AUT"]
[WhiteTeam "Spg Data Technology Eichgraben/P."]
[BlackTeam "Zwettl 2"]

1. e4 c6 2. Nc3 e5 3. Nf3 d6 4. d4 Nd7 5. Bc4 Be7 6. a4 Ngf6 7. O-O h6 8. a5
Qc7 9. Re1 g5 10. Bb3 Nf8 11. Qd3 Ng6 12. Qc4 O-O 13. h4 Nf4 14. hxg5 hxg5 15.
Nxg5 N6h5 16. Nd5 Nxd5 17. exd5 Qd8 18. Qe2 Ng7 19. Nf3 cxd5 20. Bxd5 Bf6 21.
dxe5 dxe5 22. Rd1 Qc7 23. Bg5 Bxg5 24. Nxg5 a6 25. Re1 Be6 26. Qe4 Bf5 27. Qh4
Rad8 28. c4 Bg6 29. Ne4 Ne6 30. Ra3 Nf4 31. Qf6 Rfe8 32. Rg3 Rxd5 33. cxd5 Nxd5
34. Qg5 Re6 35. Rd1 Qxa5 36. Rh3 f5 37. Nc3 Ne7 38. Rhd3 Kf7 39. Rd8 Qc5 40.
Qh6 Nc6 41. R1d7+ Re7 42. Rf8+ Ke6 43. Rd5 1-0

[Event "2. Bundesliga Ost 2012/2013"]
[Site "6.+7.10., 17.+18.11., 1.12., 2.+3.2., 9.+10.3., 6.
[Date "2013.04.06"]
[Round "10"]
[Board "6"]
[White "Lipp, Alfred"]
[Black "Mayr, Thomas"]
[Result "0-1"]
[WhiteElo "2132"]
[BlackElo "2125"]
[PlyCount "114"]
[EventDate "2012.10.06"]
[EventType "team"]
[EventRounds "11"]
[EventCountry "AUT"]
[WhiteTeam "Zwettl 2"]
[BlackTeam "Spg Data Technology Eichgraben/P."]

1. d4 Nf6 2. c4 e6 3. Nc3 d5 4. Bg5 Be7 5. e3 b6 6. cxd5 exd5 7. Qa4+ c6 8. Bd3
O-O 9. Nf3 Ne4 10. Bxe7 Qxe7 11. O-O Bb7 12. Rac1 Nd7 13. Rfd1 Rfd8 14. a3 g6
15. Ba6 Bxa6 16. Qxa6 Nd6 17. b3 Rac8 18. a4 Qe6 19. Rc2 Rc7 20. Qd3 Ne4 21.
Rdc1 Rdc8 22. Qa6 Nd6 23. Qd3 Ne4 24. Qa6 Nd6 25. Ng5 Qf5 26. Nf3 Qe6 27. h3 c5
28. Nb5 Nxb5 29. Qxb5 Qd6 30. a5 Rc6 31. a6 R6c7 32. Kf1 f6 33. g3 Kg7 34. h4
Qe6 35. Ke2 Qg4 36. b4 Qh5 37. bxc5 bxc5 38. Qa5 Rc6 39. Rb2 Nb6 40. Rxc5 Nc4
41. Rb7+ Kh6 42. Rxc6 Nxa5 43. Rxc8 Qf5 44. Rh8 Qc2+ 45. Nd2 g5 46. e4 dxe4 47.
Rhxh7+ Kg6 48. h5+ Kf5 49. Rb5+ Kg4 50. Rxa5 Qd3+ 51. Ke1 e3 52. f3+ Kxg3 53.
Ne4+ Kxf3 54. Nxg5+ fxg5 55. Rf7+ Kg4 56. Rff5 Qd2+ 57. Kf1 e2+ 0-1

[Event "2. Bundesliga Ost 2012/2013"]
[Site "6.+7.10., 17.+18.11., 1.12., 2.+3.2., 9.+10.3., 6.
[Date "2013.04.06"]
[Round "10"]
[Board "1"]
[White "Sommerbauer, Norbert"]
[Black "Zilka, Stepan"]
[Result "1/2-1/2"]
[WhiteElo "2444"]
[BlackElo "2529"]
[PlyCount "24"]
[EventDate "2012.10.06"]
[EventType "team"]
[EventRounds "11"]
[EventCountry "AUT"]
[WhiteTeam "Raiffeisen Waehring"]
[BlackTeam "Blackburne Nickelsdorf"]

1. Nf3 d5 2. g3 Nf6 3. Bg2 e6 4. O-O Be7 5. d3 O-O 6. Nbd2 c5 7. e4 Nc6 8. Re1
b5 9. e5 Nd7 10. Nf1 a5 11. h4 b4 12. Bf4 Ba6 1/2-1/2

[Event "2. Bundesliga Ost 2012/2013"]
[Site "6.+7.10., 17.+18.11., 1.12., 2.+3.2., 9.+10.3., 6.
[Date "2013.04.06"]
[Round "10"]
[Board "2"]
[White "Pinter, Erik"]
[Black "Lendwai, Reinhard"]
[Result "0-1"]
[WhiteElo "2379"]
[BlackElo "2379"]
[PlyCount "86"]
[EventDate "2012.10.06"]
[EventType "team"]
[EventRounds "11"]
[EventCountry "AUT"]
[WhiteTeam "Blackburne Nickelsdorf"]
[BlackTeam "Raiffeisen Waehring"]

1. e4 c6 2. c4 d5 3. cxd5 Nf6 4. Nc3 cxd5 5. exd5 Nxd5 6. Nf3 Nxc3 7. bxc3 g6
8. d4 Bg7 9. Bd3 O-O 10. O-O Nc6 11. Re1 Qc7 12. Bg5 Bg4 13. h3 Bxf3 14. Qxf3
e5 15. d5 Na5 16. Rac1 f5 17. Qg3 Rf7 18. Qh4 e4 19. Bf1 Be5 20. Red1 Qd6 21.
c4 b6 22. c5 bxc5 23. Rb1 Nb7 24. Bc4 Kh8 25. Rd2 Re8 26. Bb5 Rc8 27. Bc4 Na5
28. Be2 c4 29. Rb5 c3 30. Rc2 Nc4 31. Bxc4 Rxc4 32. Qh6 Rb4 33. Rxb4 Qxb4 34.
Be3 Qb1+ 35. Rc1 Qxa2 36. d6 Qd5 37. Bf4 Bf6 38. h4 c2 39. Kh2 Qd1 40. d7 Bg7
41. Rxc2 Rxd7 42. Rc8+ Rd8 43. Bd2 Rxc8 0-1

[Event "2. Bundesliga Ost 2012/2013"]
[Site "6.+7.10., 17.+18.11., 1.12., 2.+3.2., 9.+10.3., 6.
[Date "2013.04.06"]
[Round "10"]
[Board "3"]
[White "Mahdy, Khaled"]
[Black "Vlcek, Stanislav"]
[Result "1/2-1/2"]
[WhiteElo "2385"]
[BlackElo "2292"]
[PlyCount "53"]
[EventDate "2012.10.06"]
[EventType "team"]
[EventRounds "11"]
[EventCountry "AUT"]
[WhiteTeam "Raiffeisen Waehring"]
[BlackTeam "Blackburne Nickelsdorf"]

1. e4 c5 2. Nf3 d6 3. g3 Nc6 4. Bg2 g6 5. c3 Bg7 6. O-O e5 7. d3 Nge7 8. a3 a5
9. a4 O-O 10. Na3 b6 11. Nd2 Be6 12. Ndc4 d5 13. exd5 Bxd5 14. Be4 Rb8 15. f4
f5 16. Bf3 Bxf3 17. Qxf3 Qd5 18. Qxd5+ Nxd5 19. Bd2 Rfe8 20. Rae1 Re6 21. fxe5
Nxe5 22. Nxe5 Bxe5 23. Nc4 Rbe8 24. Kf2 Bc7 25. Rxe6 Rxe6 26. Kf3 Kf7 27. Ne3
1/2-1/2